[Event "eytcc"]
[Site "?"]
[Date "2017.08.22"]
[Round "6.27"]
[White "Zlatin, Alexander"]
[Black "Brinovec, David"]
[Result "1/2-1/2"]
[BlackElo "2178"]
[WhiteElo "2149"]
[LiveChessVersion "1.4.4"]

1. e4 {[%clk 1:30:39]} e5 {[%clk 1:30:40]} 2. Nf3 {[%clk 1:30:42]} Nc6
{[%clk 1:31:04]} 3. Bb5 {[%clk 1:30:57]} Nge7 {[%clk 1:31:30]} 4. Nc3
{[%clk 1:31:05]} Ng6 {[%clk 1:32:00]} 5. d4 {[%clk 1:28:02]} exd4
{[%clk 1:32:24]} 6. Nxd4 {[%clk 1:27:22]} Bb4 {[%clk 1:32:46]} 7. O-O
{[%clk 1:06:33]} O-O {[%clk 1:32:49]} 8. Nd5 {[%clk 0:58:13]} Bd6
{[%clk 1:27:39]} 9. Nf5 {[%clk 0:57:14]} Bc5 {[%clk 1:27:20]} 10. b4
{[%clk 0:50:35]} Bb6 {[%clk 0:57:53]} 11. Bb2 {[%clk 0:42:08]} f6
{[%clk 0:56:56]} 12. a4 {[%clk 0:39:05]} a6 {[%clk 0:52:09]} 13. Nxb6
{[%clk 0:37:51]} cxb6 {[%clk 0:52:27]} 14. Bc4+ {[%clk 0:38:13]} d5
{[%clk 0:46:03]} 15. Bxd5+ {[%clk 0:33:31]} Kh8 {[%clk 0:46:27]} 16. b5
{[%clk 0:23:35]} Nce7 {[%clk 0:43:51]} 17. Nxe7 {[%clk 0:21:08]} Nxe7
{[%clk 0:44:19]} 18. Ba3 {[%clk 0:21:20]} Qc7 {[%clk 0:44:30]} 19. c4
{[%clk 0:18:14]} Rd8 {[%clk 0:44:29]} 20. Qb3 {[%clk 0:16:57]} axb5
{[%clk 0:42:36]} 21. axb5 {[%clk 0:15:15]} Nxd5 {[%clk 0:40:56]} 22. exd5
{[%clk 0:14:15]} Bg4 {[%clk 0:41:19]} 23. f3 {[%clk 0:14:15]} Bf5
{[%clk 0:41:24]} 24. d6 {[%clk 0:11:44]} Qf7 {[%clk 0:41:15]} 25. Rac1
{[%clk 0:11:15]} Be6 {[%clk 0:41:24]} 26. Qb4 {[%clk 0:09:54]} Rac8
{[%clk 0:34:40]} 27. c5 {[%clk 0:10:16]} bxc5 {[%clk 0:35:06]} 28. Rxc5
{[%clk 0:10:37]} Rxc5 {[%clk 0:35:19]} 29. Qxc5 {[%clk 0:11:06]} Rc8
{[%clk 0:35:43]} 30. Qb6 {[%clk 0:10:57]} h6 {[%clk 0:35:45]} 31. Rc1
{[%clk 0:08:53]} Rxc1+ {[%clk 0:35:47]} 32. Bxc1 {[%clk 0:09:22]} Qd7
{[%clk 0:35:43]} 33. Qc5 {[%clk 0:09:19]} Qc8 {[%clk 0:36:02]} 34. Qxc8+
{[%clk 0:06:56]} Bxc8 {[%clk 0:36:30]} 35. Kf2 {[%clk 0:06:55]} b6
{[%clk 0:34:13]} 36. Be3 {[%clk 0:07:19]} Bd7 {[%clk 0:34:39]} 37. Bxb6
{[%clk 0:07:42]} Bxb5 {[%clk 0:35:06]} 38. Ke3 {[%clk 0:08:02]} Kg8
{[%clk 0:35:27]} 39. Kd4 {[%clk 0:08:24]} Kf7 {[%clk 0:35:52]} 40. Kc5
{[%clk 0:38:32]} Ba4 {[%clk 1:05:27]} 41. Ba5 {[%clk 0:38:18]} Ke6
{[%clk 1:05:39]} 42. Bb4 {[%clk 0:38:31]} h5 {[%clk 1:05:46]} 43. Bc3
{[%clk 0:38:35]} g6 {[%clk 1:03:51]} 44. Bb4 {[%clk 0:38:13]} f5 {[%clk 1:04:02]}
45. f4 {[%clk 0:38:02]} Be8 {[%clk 1:04:10]} 46. Kd4 {[%clk 0:38:27]} Bc6
{[%clk 1:04:26]} 47. g3 {[%clk 0:38:05]} Ba4 {[%clk 1:04:46]} 48. Kc5
{[%clk 0:38:30]} Be8 {[%clk 1:05:10]} 49. Kb6 {[%clk 0:38:25]} Ba4
{[%clk 1:05:16]} 50. Kc7 {[%clk 0:38:45]} Bb5 {[%clk 1:05:39]} 51. Kb6
{[%clk 0:38:03]} Ba4 {[%clk 1:06:00]} 52. Kc5 {[%clk 0:38:29]} Be8
{[%clk 1:06:21]} 53. Ba5 {[%clk 0:38:54]} Ba4 {[%clk 1:06:40]} 54. Bd8
{[%clk 0:39:17]} Be8 {[%clk 1:06:54]} 55. Be7 {[%clk 0:39:43]} Ba4
{[%clk 1:07:14]} 56. Kd4 {[%clk 0:40:05]} Bc6 {[%clk 1:07:31]} 57. Ke3
{[%clk 0:40:21]} Bb7 {[%clk 1:07:49]} 58. Kf2 {[%clk 0:40:43]} Be4
{[%clk 1:07:24]} 59. h3 {[%clk 0:40:42]} Bd3 {[%clk 1:07:33]} 60. Ke3
{[%clk 0:39:37]} Bf1 {[%clk 1:07:42]} 61. Kd4 {[%clk 0:39:23]} Bb5
{[%clk 1:07:27]} 1/2-1/2

[Event "eytcc"]
[Site "?"]
[Date "2017.08.22"]
[Round "6.28"]
[White "Subelj, Jan"]
[Black "Gorodetzky, Matan"]
[Result "0-1"]
[BlackElo "1980"]
[WhiteElo "2120"]
[LiveChessVersion "1.4.4"]

1. e4 {[%clk 1:30:28]} e6 {[%clk 1:30:37]} 2. d4 {[%clk 1:30:35]} d5
{[%clk 1:31:03]} 3. Bd3 {[%clk 1:28:42]} dxe4 {[%clk 1:29:05]} 4. Bxe4
{[%clk 1:29:05]} Nf6 {[%clk 1:27:14]} 5. Bf3 {[%clk 1:29:28]} c5 {[%clk 1:24:53]}
6. Ne2 {[%clk 1:29:38]} Nc6 {[%clk 1:25:19]} 7. Be3 {[%clk 1:29:55]} cxd4
{[%clk 1:25:04]} 8. Nxd4 {[%clk 1:30:12]} Ne5 {[%clk 1:25:11]} 9. Nc3
{[%clk 1:29:41]} a6 {[%clk 1:23:08]} 10. O-O {[%clk 1:29:39]} Bd6
{[%clk 1:19:52]} 11. a4 {[%clk 1:26:45]} O-O {[%clk 1:12:48]} 12. Be2
{[%clk 1:26:36]} h6 {[%clk 0:58:53]} 13. h3 {[%clk 1:23:02]} Qe7 {[%clk 0:57:27]}
14. f4 {[%clk 1:12:44]} Ng6 {[%clk 0:55:18]} 15. Qe1 {[%clk 1:11:38]} e5
{[%clk 0:53:29]} 16. Nb3 {[%clk 1:12:02]} Nxf4 {[%clk 0:46:57]} 17. Bxf4
{[%clk 1:12:16]} exf4 {[%clk 0:47:26]} 18. Bf3 {[%clk 1:12:36]} Qc7
{[%clk 0:43:29]} 19. Kh1 {[%clk 1:12:08]} Be5 {[%clk 0:39:48]} 20. Qf2
{[%clk 1:10:21]} Bf5 {[%clk 0:38:02]} 21. Nd4 {[%clk 1:06:52]} Bg6
{[%clk 0:36:34]} 22. Rfd1 {[%clk 1:06:22]} Rfd8 {[%clk 0:34:27]} 23. Rd2
{[%clk 1:05:40]} Rd7 {[%clk 0:30:12]} 24. Rad1 {[%clk 1:04:15]} Rad8
{[%clk 0:30:31]} 25. Nb3 {[%clk 1:04:13]} Bxc3 {[%clk 0:26:02]} 26. Rxd7
{[%clk 1:03:27]} Rxd7 {[%clk 0:26:30]} 27. Rxd7 {[%clk 1:03:49]} Nxd7
{[%clk 0:26:54]} 28. bxc3 {[%clk 1:04:13]} Qxc3 {[%clk 0:23:30]} 29. Bxb7
{[%clk 1:04:35]} Qxc2 {[%clk 0:19:34]} 30. Qxc2 {[%clk 1:03:32]} Bxc2
{[%clk 0:19:02]} 31. Nd4 {[%clk 1:03:57]} Bd3 {[%clk 0:16:53]} 32. a5
{[%clk 1:03:06]} Nc5 {[%clk 0:16:56]} 33. Bc8 {[%clk 1:03:24]} Kf8
{[%clk 0:16:50]} 34. Kg1 {[%clk 1:03:40]} Ke7 {[%clk 0:16:25]} 35. Kf2
{[%clk 1:03:55]} Kd6 {[%clk 0:15:22]} 36. Bf5 {[%clk 1:03:51]} Ke5
{[%clk 0:13:35]} 37. Nb3 {[%clk 1:03:56]} Bxf5 {[%clk 0:11:47]} 38. Nxc5
{[%clk 1:02:37]} Bc8 {[%clk 0:12:15]} 39. Kf3 {[%clk 1:03:01]} g5
{[%clk 0:12:12]} 40. h4 {[%clk 1:32:25]} f5 {[%clk 0:42:04]} 41. hxg5
{[%clk 1:32:47]} hxg5 {[%clk 0:42:32]} 42. Nd3+ {[%clk 1:33:06]} Kd4
{[%clk 0:42:39]} 43. Nb4 {[%clk 1:33:31]} Kc4 {[%clk 0:42:54]} 44. Nc2
{[%clk 1:33:56]} Bb7+ {[%clk 0:43:03]} 45. Kf2 {[%clk 1:34:24]} Be4
{[%clk 0:43:02]} 46. Na1 {[%clk 1:34:06]} Kc3 {[%clk 0:43:26]} 0-1

[Event "eytcc"]
[Site "?"]
[Date "2017.08.22"]
[Round "6.29"]
[White "Nayhebaver, Martin"]
[Black "Chukavin, Kirill"]
[Result "1-0"]
[BlackElo "2159"]
[WhiteElo "2451"]
[LiveChessVersion "1.4.4"]

1. d4 {[%clk 1:30:52]} Nf6 {[%clk 1:30:12]} 2. c4 {[%clk 1:30:57]} e6
{[%clk 1:29:57]} 3. Nc3 {[%clk 1:30:54]} Bb4 {[%clk 1:29:44]} 4. e3
{[%clk 1:30:45]} O-O {[%clk 1:29:21]} 5. Bd3 {[%clk 1:30:36]} d5 {[%clk 1:27:51]}
6. Nge2 {[%clk 1:30:12]} b6 {[%clk 1:15:56]} 7. cxd5 {[%clk 1:26:58]} exd5
{[%clk 1:12:40]} 8. a3 {[%clk 1:26:46]} Bd6 {[%clk 1:10:26]} 9. Ng3
{[%clk 1:23:31]} Re8 {[%clk 1:03:56]} 10. O-O {[%clk 1:21:52]} Bb7
{[%clk 1:01:59]} 11. b4 {[%clk 1:17:47]} a6 {[%clk 0:56:01]} 12. f3
{[%clk 1:10:14]} c5 {[%clk 0:40:21]} 13. bxc5 {[%clk 1:07:47]} bxc5
{[%clk 0:39:48]} 14. Nf5 {[%clk 1:07:21]} Bf8 {[%clk 0:34:07]} 15. Rb1
{[%clk 1:00:27]} Qc7 {[%clk 0:32:36]} 16. dxc5 {[%clk 0:59:15]} Bxc5
{[%clk 0:28:19]} 17. Na4 {[%clk 0:54:26]} Ba7 {[%clk 0:23:30]} 18. Rf2
{[%clk 0:43:05]} Bc6 {[%clk 0:16:16]} 19. Bb2 {[%clk 0:17:04]} Qd7
{[%clk 0:15:08]} 20. Nb6 {[%clk 0:13:45]} Bxb6 {[%clk 0:14:27]} 21. Bxf6
{[%clk 0:14:09]} Bxe3 {[%clk 0:12:10]} 22. Nxe3 {[%clk 0:10:40]} Rxe3
{[%clk 0:11:49]} 23. Qd2 {[%clk 0:09:45]} Re6 {[%clk 0:04:04]} 24. Bd4
{[%clk 0:09:19]} Qd8 {[%clk 0:03:23]} 25. Bf5 {[%clk 0:08:02]} Re8
{[%clk 0:01:45]} 26. Qf4 {[%clk 0:02:29]} Nd7 {[%clk 0:00:35]} 27. Qd6
{[%clk 0:01:36]} Ba4 {[%clk 0:00:32]} 28. Rb4 {[%clk 0:00:50]} Re1+
{[%clk 0:00:31]} 29. Rf1 {[%clk 0:01:15]} Rxf1+ {[%clk 0:00:39]} 30. Kxf1
{[%clk 0:01:43]} Qg5 {[%clk 0:00:36]} 31. Qg3 {[%clk 0:00:39]} Qc1+
{[%clk 0:00:34]} 32. Qe1 {[%clk 0:00:39]} Bb5+ {[%clk 0:00:34]} 33. Rxb5 Qc4+
{[%clk 0:00:44]} 34. Qe2 {[%clk 0:00:55]} Qxd4 {[%clk 0:00:33]} 35. Rb4
{[%clk 0:01:15]} Qa7 {[%clk 0:00:35]} 36. Qe7 {[%clk 0:01:02]} Nf8
{[%clk 0:00:33]} 37. Rb7 {[%clk 0:01:55]} Qd4 {[%clk 0:00:38]} 38. Qxf7+
{[%clk 0:02:00]} Kh8 {[%clk 0:01:08]} 39. g3 {[%clk 0:00:38]} Qd1+
{[%clk 0:00:32]} 40. Kg2 {[%clk 0:30:59]} Qe2+ {[%clk 0:30:33]} 41. Kh3
{[%clk 0:30:59]} Qe5 42. f4 Qd4 {[%clk 0:17:39]} 43. Re7 {[%clk 0:26:44]} Rd8
{[%clk 0:08:39]} 44. Be6 1-0

[Event "eytcc"]
[Site "?"]
[Date "2017.08.22"]
[Round "6.30"]
[White "Garanin, Aleksei"]
[Black "Pechac, Jergus"]
[Result "1/2-1/2"]
[BlackElo "2441"]
[WhiteElo "2192"]
[LiveChessVersion "1.4.4"]

1. d4 {[%clk 1:30:57]} Nf6 {[%clk 1:30:56]} 2. c4 {[%clk 1:31:23]} c5
{[%clk 1:31:23]} 3. d5 {[%clk 1:31:49]} b5 {[%clk 1:31:51]} 4. cxb5
{[%clk 1:32:15]} a6 {[%clk 1:32:18]} 5. bxa6 {[%clk 1:32:40]} g6 {[%clk 1:32:45]}
6. Nc3 {[%clk 1:33:02]} Bg7 {[%clk 1:33:13]} 7. Nf3 {[%clk 1:33:25]} O-O
{[%clk 1:33:38]} 8. g3 {[%clk 1:31:56]} d6 {[%clk 1:34:04]} 9. Bg2
{[%clk 1:31:57]} Nxa6 {[%clk 1:34:25]} 10. O-O {[%clk 1:32:01]} Bf5
{[%clk 1:34:52]} 11. Ne1 {[%clk 1:21:10]} Qd7 {[%clk 1:35:17]} 12. Nc2
{[%clk 1:20:19]} Bh3 {[%clk 1:33:55]} 13. Ne3 {[%clk 1:19:00]} Nh5
{[%clk 1:31:34]} 14. Nc4 {[%clk 1:13:57]} Rab8 {[%clk 1:29:37]} 15. Bd2
{[%clk 1:05:12]} Bxg2 {[%clk 1:27:18]} 16. Kxg2 {[%clk 1:05:02]} f5
{[%clk 1:27:40]} 17. Rb1 {[%clk 0:52:57]} f4 {[%clk 1:27:15]} 18. Qa4
{[%clk 0:44:48]} Qc8 {[%clk 1:18:10]} 19. Qc6 {[%clk 0:31:26]} Qxc6
{[%clk 1:16:41]} 20. dxc6 {[%clk 0:31:55]} Nb4 {[%clk 1:16:56]} 21. c7
{[%clk 0:29:24]} Rb7 {[%clk 1:17:13]} 22. a3 {[%clk 0:28:08]} Rxc7
{[%clk 1:17:07]} 23. Nb5 {[%clk 0:19:22]} Rb7 {[%clk 1:17:32]} 24. Nbxd6
{[%clk 0:19:26]} exd6 {[%clk 1:17:55]} 25. axb4 {[%clk 0:19:53]} Re7
{[%clk 1:11:24]} 26. bxc5 {[%clk 0:17:08]} dxc5 {[%clk 1:11:34]} 27. Rfe1
{[%clk 0:16:26]} g5 {[%clk 1:09:31]} 28. e4 {[%clk 0:10:32]} Bd4 {[%clk 1:08:18]}
29. Bc3 {[%clk 0:08:04]} fxg3 {[%clk 1:04:57]} 30. Bxd4 {[%clk 0:08:21]} Nf4+
{[%clk 1:05:22]} 31. Kxg3 {[%clk 0:08:06]} cxd4 {[%clk 1:05:50]} 32. Rbd1
{[%clk 0:05:18]} d3 {[%clk 1:05:21]} 33. f3 {[%clk 0:03:54]} g4 {[%clk 1:02:50]}
34. Re3 {[%clk 0:02:32]} gxf3 {[%clk 1:02:19]} 35. Rxf3 {[%clk 0:02:07]} Rg7+
{[%clk 1:02:28]} 36. Kf2 {[%clk 0:02:29]} Rg2+ {[%clk 1:02:49]} 37. Ke3
{[%clk 0:02:55]} Re2+ {[%clk 1:02:23]} 38. Kd4 {[%clk 0:03:15]} Rd8+
{[%clk 1:02:33]} 39. Kc3 {[%clk 0:03:14]} Rc2+ {[%clk 1:02:31]} 40. Kb4
{[%clk 0:33:15]} Rb8+ {[%clk 1:32:23]} 41. Ka3 {[%clk 0:29:48]} Ne2
{[%clk 1:08:09]} 42. Rfxd3 {[%clk 0:20:01]} Rxc4 {[%clk 1:08:31]} 43. Rd8+
{[%clk 0:20:26]} Rxd8 {[%clk 1:08:58]} 44. Rxd8+ {[%clk 0:20:51]} Kf7
{[%clk 1:09:26]} 45. Rd7+ {[%clk 0:21:14]} Kg6 {[%clk 1:09:53]} 46. b4
{[%clk 0:20:24]} Nd4 {[%clk 1:01:26]} 47. Rd5 {[%clk 0:19:33]} Ne6
{[%clk 0:47:43]} 48. Ka4 {[%clk 0:15:37]} Rxe4 {[%clk 0:24:39]} 49. Ka5
{[%clk 0:15:58]} Kf6 {[%clk 0:25:03]} 50. b5 {[%clk 0:16:00]} Re5
{[%clk 0:25:20]} 51. Rd7 {[%clk 0:15:29]} h5 {[%clk 0:25:48]} 52. Kb4
{[%clk 0:14:25]} Re2 {[%clk 0:25:23]} 53. h4 {[%clk 0:13:06]} Re4+
{[%clk 0:25:15]} 54. Ka5 {[%clk 0:13:28]} Rxh4 {[%clk 0:20:39]} 55. b6
{[%clk 0:11:44]} Rh1 {[%clk 0:20:42]} 56. b7 {[%clk 0:10:35]} Rb1
{[%clk 0:20:57]} 57. Rd5 {[%clk 0:10:40]} Rxb7 {[%clk 0:10:26]} 58. Rxh5
{[%clk 0:11:04]} Nc7 {[%clk 0:10:20]} 59. Ka4 {[%clk 0:10:22]} Ke6
{[%clk 0:10:45]} 60. Rh1 {[%clk 0:10:07]} Kd6 {[%clk 0:10:58]} 61. Rd1+
{[%clk 0:09:46]} Nd5 {[%clk 0:11:24]} 62. Rh1 {[%clk 0:09:25]} Kc5
{[%clk 0:11:49]} 63. Rc1+ {[%clk 0:09:38]} Kd4 {[%clk 0:12:15]} 64. Rh1
{[%clk 0:09:08]} Nc3+ {[%clk 0:11:28]} 65. Ka5 {[%clk 0:09:25]} Rb5+
{[%clk 0:10:44]} 66. Ka6 {[%clk 0:09:48]} Rb2 {[%clk 0:11:06]} 67. Rh8
{[%clk 0:09:12]} Ne4 {[%clk 0:10:37]} 68. Rh4 {[%clk 0:08:58]} Kd5
{[%clk 0:10:59]} 69. Rh5+ {[%clk 0:09:16]} Kc6 {[%clk 0:11:05]} 70. Rh6+
{[%clk 0:09:39]} Nd6 {[%clk 0:11:14]} 71. Ka5 {[%clk 0:09:53]} Rg2
{[%clk 0:10:42]} 72. Kb4 {[%clk 0:10:09]} Rg4+ {[%clk 0:11:04]} 73. Kc3
{[%clk 0:10:29]} Rg5 {[%clk 0:11:24]} 74. Rh8 {[%clk 0:10:20]} Kd5
{[%clk 0:11:35]} 75. Rd8 {[%clk 0:10:14]} Rg3+ {[%clk 0:12:00]} 76. Kd2
{[%clk 0:10:35]} Ke5 {[%clk 0:12:26]} 77. Rh8 {[%clk 0:10:38]} Nc4+
{[%clk 0:12:47]} 78. Ke2 {[%clk 0:10:52]} Kd4 {[%clk 0:12:06]} 79. Rd8+
{[%clk 0:10:49]} Ke4 {[%clk 0:12:33]} 80. Re8+ {[%clk 0:11:09]} Ne5
{[%clk 0:13:00]} 81. Kf2 {[%clk 0:11:24]} Ra3 {[%clk 0:13:22]} 82. Rb8
{[%clk 0:11:27]} Ng4+ {[%clk 0:13:42]} 83. Ke2 {[%clk 0:11:24]} Ra2+
{[%clk 0:14:08]} 84. Ke1 {[%clk 0:11:35]} Ne5 {[%clk 0:13:46]} 85. Re8
{[%clk 0:11:48]} Kd4 {[%clk 0:14:10]} 86. Rd8+ {[%clk 0:11:36]} Ke3
{[%clk 0:14:32]} 87. Kd1 {[%clk 0:11:53]} Rg2 {[%clk 0:14:56]} 88. Re8
{[%clk 0:12:03]} Kd3 {[%clk 0:15:19]} 89. Rd8+ {[%clk 0:12:26]} Ke3
{[%clk 0:15:43]} 90. Re8 {[%clk 0:12:51]} Kd3 {[%clk 0:16:03]} 91. Rd8+
{[%clk 0:13:13]} Ke3 {[%clk 0:16:27]} 1/2-1/2

[Event "eytcc"]
[Site "?"]
[Date "2017.08.22"]
[Round "6.31"]
[White "Karas, Marek"]
[Black "Lumiste, Rene"]
[Result "1-0"]
[BlackElo "2130"]
[WhiteElo "2256"]
[LiveChessVersion "1.4.4"]

1. d4 Nf6 2. c4 b6 3. Nf3 Bb7 4. g3 c5 5. d5 b5 6. Bg2 d6 7. O-O g6 8. cxb5 Bxd5
9. Nc3 Bb7 10. Re1 d5 11. e4 d4 12. e5 Nd5 13. Ne4 e6 14. Bg5 Qb6 15. a4 a6 16.
bxa6 Qxa6 17. Bf1 Qa7 18. Nfd2 h6 19. Bf6 Nxf6 20. Nxf6+ Ke7 21. Nde4 Bg7 22. Qb3
Rd8 23. Nxc5 Bd5 24. Qa3 Bxf6 25. Ne4+ Kd7 26. Nxf6+ Kc8 27. Rec1+ Bc6 28. Bb5
Qb6 29. Bxc6 Nxc6 30. Qf3 Ra6 31. b4 Kb8 32. b5 Nxe5 33. Qf4 1-0

[Event "eytcc"]
[Site "?"]
[Date "2017.08.22"]
[Round "6.32"]
[White "Pedoson, Georg Aleksander"]
[Black "Jablonicky, Martin"]
[Result "1/2-1/2"]
[BlackElo "2328"]
[WhiteElo "2036"]
[LiveChessVersion "1.4.4"]

1. d4 {[%clk 1:30:57]} Nf6 {[%clk 1:30:53]} 2. Nf3 {[%clk 1:31:09]} g6
{[%clk 1:30:53]} 3. g3 {[%clk 1:31:23]} c5 {[%clk 1:31:06]} 4. Bg2
{[%clk 1:30:53]} Bg7 {[%clk 1:31:10]} 5. O-O {[%clk 1:30:40]} O-O
{[%clk 1:31:36]} 6. c4 {[%clk 1:30:23]} cxd4 {[%clk 1:31:48]} 7. Nxd4
{[%clk 1:30:46]} Nc6 {[%clk 1:32:15]} 8. Nc3 {[%clk 1:29:49]} Ng4
{[%clk 1:32:39]} 9. e3 {[%clk 1:28:01]} d6 {[%clk 1:33:06]} 10. b3
{[%clk 1:24:35]} Nxd4 {[%clk 1:33:29]} 11. exd4 {[%clk 1:24:59]} Nh6
{[%clk 1:33:57]} 12. Bb2 {[%clk 1:21:56]} Nf5 {[%clk 1:34:20]} 13. Nd5
{[%clk 1:20:09]} Bd7 {[%clk 1:34:46]} 14. Ne3 {[%clk 1:17:43]} Nxe3
{[%clk 1:35:02]} 15. fxe3 {[%clk 1:18:08]} Bc6 {[%clk 1:35:28]} 16. Qe2
{[%clk 1:15:58]} Bxg2 {[%clk 1:34:37]} 17. Qxg2 {[%clk 1:15:07]} Qd7
{[%clk 1:35:03]} 18. Rac1 {[%clk 1:12:29]} Rac8 {[%clk 1:35:21]} 19. b4
{[%clk 1:07:22]} Qe6 {[%clk 1:26:58]} 20. Qe2 {[%clk 0:59:19]} Bh6
{[%clk 1:27:24]} 21. Rfe1 {[%clk 0:58:59]} b5 {[%clk 1:26:59]} 22. c5
{[%clk 0:54:00]} Qxa2 {[%clk 1:26:50]} 23. Rc3 {[%clk 0:52:12]} dxc5
{[%clk 1:24:32]} 24. Ra3 {[%clk 0:51:54]} Qe6 {[%clk 1:25:00]} 25. bxc5
{[%clk 0:51:59]} Qe4 {[%clk 1:05:50]} 26. Qg2 {[%clk 0:41:45]} Qxg2+
{[%clk 1:06:13]} 27. Kxg2 {[%clk 0:42:14]} Rc7 {[%clk 1:06:36]} 28. Kf3
{[%clk 0:41:59]} Rb8 {[%clk 0:53:56]} 29. Rea1 {[%clk 0:40:11]} Rbb7
{[%clk 0:54:24]} 30. Ra6 {[%clk 0:36:31]} e6 {[%clk 0:43:40]} 31. c6
{[%clk 0:34:21]} Rb8 {[%clk 0:43:56]} 32. d5 {[%clk 0:33:55]} exd5
{[%clk 0:36:32]} 33. Be5 {[%clk 0:34:24]} Rbc8 {[%clk 0:37:02]} 34. Bxc7
{[%clk 0:34:42]} Rxc7 {[%clk 0:37:31]} 35. Rb1 {[%clk 0:35:02]} Re7
{[%clk 0:37:47]} 36. Rxb5 {[%clk 0:34:19]} Rxe3+ {[%clk 0:37:43]} 37. Kf2
{[%clk 0:34:29]} Rc3 {[%clk 0:37:37]} 38. Rxd5 {[%clk 0:34:03]} Be3+
{[%clk 0:38:04]} 39. Ke1 {[%clk 0:30:34]} Bb6 {[%clk 0:38:20]} 40. Rd6
{[%clk 0:59:05]} Kf8 {[%clk 1:03:48]} 41. Kd2 {[%clk 0:55:14]} Rc5
{[%clk 1:04:11]} 42. Ra1 {[%clk 0:45:51]} Bc7 {[%clk 1:04:36]} 43. Rd3
{[%clk 0:44:11]} Rxc6 {[%clk 1:03:44]} 44. Rxa7 {[%clk 0:44:31]} Bb6
{[%clk 1:03:32]} 45. Rb7 {[%clk 0:43:52]} 1/2-1/2

[Event "eytcc"]
[Site "?"]
[Date "2017.08.22"]
[Round "6.33"]
[White "Czopor, Maciej"]
[Black "Haring, Viktor"]
[Result "1/2-1/2"]
[BlackElo "2317"]
[WhiteElo "2105"]
[LiveChessVersion "1.4.4"]

1. e4 {[%clk 1:30:57]} c5 {[%clk 1:30:28]} 2. Nf3 {[%clk 1:31:24]} Nc6
{[%clk 1:30:47]} 3. d4 {[%clk 1:31:50]} cxd4 {[%clk 1:31:10]} 4. Nxd4
{[%clk 1:32:18]} Nf6 {[%clk 1:31:25]} 5. Nc3 {[%clk 1:32:46]} e5 {[%clk 1:31:31]}
6. Ndb5 {[%clk 1:33:09]} d6 {[%clk 1:31:53]} 7. Bg5 {[%clk 1:33:33]} a6
{[%clk 1:31:40]} 8. Na3 {[%clk 1:33:51]} b5 {[%clk 1:32:01]} 9. Bxf6
{[%clk 1:34:07]} gxf6 {[%clk 1:32:12]} 10. Nd5 {[%clk 1:33:57]} f5
{[%clk 1:32:11]} 11. Bd3 {[%clk 1:34:30]} Be6 {[%clk 1:30:37]} 12. O-O
{[%clk 1:34:35]} Bg7 {[%clk 1:30:45]} 13. Qh5 {[%clk 1:34:07]} f4
{[%clk 1:29:24]} 14. c4 {[%clk 1:34:20]} b4 {[%clk 1:21:13]} 15. Nc2
{[%clk 1:34:34]} Rb8 {[%clk 1:20:20]} 16. b3 {[%clk 1:34:04]} Rg8
{[%clk 1:15:09]} 17. Rad1 {[%clk 1:23:02]} Bf8 {[%clk 1:09:18]} 18. Be2
{[%clk 1:13:55]} Rg6 {[%clk 0:46:11]} 19. c5 {[%clk 1:05:43]} Rh6
{[%clk 0:42:37]} 20. Qf3 {[%clk 1:05:30]} dxc5 {[%clk 0:40:50]} 21. g3
{[%clk 0:54:15]} Nd4 {[%clk 0:35:07]} 22. Nxd4 {[%clk 0:54:23]} cxd4
{[%clk 0:35:28]} 23. Rc1 {[%clk 0:52:51]} Bxd5 {[%clk 0:22:28]} 24. exd5
{[%clk 0:52:10]} f5 {[%clk 0:22:19]} 25. Bd3 {[%clk 0:39:46]} e4 {[%clk 0:15:00]}
26. Bxe4 {[%clk 0:39:10]} fxe4 {[%clk 0:14:48]} 27. Qxe4+ {[%clk 0:39:33]} Be7
{[%clk 0:07:02]} 28. Rfe1 {[%clk 0:36:51]} fxg3 {[%clk 0:05:43]} 29. fxg3
{[%clk 0:37:03]} d3 {[%clk 0:04:17]} 30. Qxd3 {[%clk 0:35:37]} Qb6+
{[%clk 0:04:03]} 31. Kg2 {[%clk 0:35:27]} Rd8 {[%clk 0:01:42]} 32. Qe4 Qb7 33.
Rc6 Rdd6 34. Rc8+ Rd8 35. Rc6 Rdd6 36. Rc8+ Rd8 37. Rc6 1/2-1/2

[Event "eytcc"]
[Site "?"]
[Date "2017.08.22"]
[Round "6.34"]
[White "Macko, Miroslav"]
[Black "Guzik, Kacper"]
[Result "1-0"]
[BlackElo "1243"]
[WhiteElo "2304"]
[LiveChessVersion "1.4.4"]

1. e4 {[%clk 1:30:57]} c5 {[%clk 1:30:48]} 2. Nf3 {[%clk 1:31:14]} e6
{[%clk 1:29:30]} 3. d4 {[%clk 1:31:35]} cxd4 {[%clk 1:29:52]} 4. Nxd4
{[%clk 1:32:01]} a6 {[%clk 1:30:06]} 5. Nc3 {[%clk 1:29:54]} Nf6 {[%clk 1:29:19]}
6. e5 {[%clk 1:20:10]} Ng8 {[%clk 1:20:51]} 7. Be3 {[%clk 1:17:24]} d5
{[%clk 1:20:39]} 8. exd6 {[%clk 1:17:08]} Bxd6 {[%clk 1:20:50]} 9. Qf3
{[%clk 1:11:06]} Nf6 {[%clk 1:17:44]} 10. O-O-O {[%clk 1:10:52]} Qe7
{[%clk 1:14:31]} 11. g4 {[%clk 1:09:05]} Nbd7 {[%clk 1:12:32]} 12. Qg2
{[%clk 0:55:32]} Ne5 {[%clk 1:07:45]} 13. Be2 {[%clk 0:54:13]} Rb8
{[%clk 1:01:49]} 14. g5 {[%clk 0:52:17]} Nfd7 {[%clk 0:59:56]} 15. f4
{[%clk 0:51:33]} Ng6 {[%clk 0:59:37]} 16. Qf2 {[%clk 0:51:37]} O-O
{[%clk 0:52:05]} 17. f5 {[%clk 0:47:31]} e5 {[%clk 0:50:39]} 18. f6
{[%clk 0:46:13]} Nxf6 {[%clk 0:44:54]} 19. gxf6 {[%clk 0:45:58]} gxf6
{[%clk 0:45:05]} 20. Nd5 {[%clk 0:44:51]} Qd8 {[%clk 0:44:14]} 21. Nxf6+
{[%clk 0:43:00]} Kg7 {[%clk 0:43:59]} 22. Nh5+ {[%clk 0:40:17]} Kg8
{[%clk 0:42:59]} 23. Nf5 {[%clk 0:40:07]} Bxf5 {[%clk 0:43:07]} 24. Qxf5
{[%clk 0:40:29]} Qc7 {[%clk 0:41:40]} 25. Qf6 {[%clk 0:40:32]} 1-0

[Event "eytcc"]
[Site "?"]
[Date "2017.08.22"]
[Round "6.35"]
[White "Jaszczuk, Mateusz"]
[Black "Haring, Filip"]
[Result "0-1"]
[BlackElo "2258"]
[WhiteElo "1472"]
[LiveChessVersion "1.4.4"]

1. c4 {[%clk 1:30:52]} e5 {[%clk 1:30:56]} 2. Nc3 {[%clk 1:31:14]} Nf6
{[%clk 1:31:18]} 3. g3 {[%clk 1:31:31]} d5 {[%clk 1:31:43]} 4. cxd5
{[%clk 1:31:15]} Nxd5 {[%clk 1:32:04]} 5. Bg2 {[%clk 1:31:01]} Nb6
{[%clk 1:32:26]} 6. Nf3 {[%clk 1:28:44]} Nc6 {[%clk 1:32:47]} 7. d3
{[%clk 1:28:35]} Be7 {[%clk 1:33:03]} 8. O-O {[%clk 1:28:20]} O-O
{[%clk 1:33:24]} 9. a3 {[%clk 1:25:00]} Be6 {[%clk 1:32:56]} 10. b4
{[%clk 1:19:57]} f6 {[%clk 1:25:47]} 11. Bb2 {[%clk 1:10:38]} a5 {[%clk 1:18:20]}
12. b5 {[%clk 1:08:40]} Nd4 {[%clk 1:18:03]} 13. Nxd4 {[%clk 1:08:20]} exd4
{[%clk 1:17:22]} 14. Na4 {[%clk 1:06:29]} Bd5 {[%clk 1:05:13]} 15. Nxb6
{[%clk 1:06:03]} cxb6 {[%clk 1:04:47]} 16. Bxd5+ {[%clk 1:04:16]} Qxd5
{[%clk 1:05:10]} 17. Qa4 {[%clk 1:04:23]} Bc5 {[%clk 0:59:00]} 18. Rac1
{[%clk 0:49:23]} Kh8 {[%clk 0:54:49]} 19. Rc4 {[%clk 0:48:57]} Rad8
{[%clk 0:53:30]} 20. Rfc1 {[%clk 0:47:00]} f5 {[%clk 0:49:09]} 21. Qd1
{[%clk 0:27:15]} f4 {[%clk 0:46:52]} 22. Ra4 {[%clk 0:24:46]} fxg3
{[%clk 0:46:03]} 23. hxg3 {[%clk 0:24:54]} Qf7 {[%clk 0:44:45]} 24. f3
{[%clk 0:23:44]} Qg6 {[%clk 0:42:57]} 25. Qe1 {[%clk 0:21:50]} Rd5
{[%clk 0:41:06]} 26. Qf2 {[%clk 0:18:58]} Rh5 {[%clk 0:34:10]} 27. Bxd4
{[%clk 0:05:29]} Qh6 {[%clk 0:33:50]} 28. f4 {[%clk 0:02:12]} Rh1+
{[%clk 0:34:10]} 29. Kg2 {[%clk 0:02:32]} Rxc1 {[%clk 0:33:11]} 30. Bxc5
{[%clk 0:02:24]} Qh1# 0-1